LIBRARY & INFORMATION CENTRE, KCAET, TAVANUR

ONLINE PUBLIC ACCESS CATALOGUE (OPAC)

Operations research / (Record no. 7212)

MARC details
000 -LEADER
fixed length control field 00515cam a2200217ua 4500
041 ## - LANGUAGE CODE
Language code of text/sound track or separate title eng
082 ## - DEWEY DECIMAL CLASSIFICATION NUMBER
Classification number 658.4034
Item number SHA/OP
100 ## - MAIN ENTRY--AUTHOR NAME
Personal name Sharma, S D .
245 ## - TITLE STATEMENT
Title Operations research /
250 ## - EDITION STATEMENT
Edition statement 10 /
260 ## - PUBLICATION, DISTRIBUTION, ETC. (IMPRINT)
Place of publication :
Name of publisher Kedar Nath Ram Nath Company ,
Year of publication 1993.
300 ## - PHYSICAL DESCRIPTION
Number of Pages 62 ; .
942 ## - ADDED ENTRY ELEMENTS (KOHA)
Koha item type Books
Holdings
Withdrawn status Lost status Damaged status Home library Current library Date acquired Full call number Accession Number Koha item type
      KAUAET KAUAET 07/04/2012 658.4034 18357 Books
    Damaged KAUAET KAUAET 07/04/2012 658.4034 18358 Books
    Damaged KAUAET KAUAET 07/04/2012 658.4034 18359 Books
      KAUAET KAUAET 07/04/2012 658.4034 21726 Books
free website counter